000 00240nam a22000857a 4500
008 160708b xxu||||| |||| 00| 0 eng d
100 _92409
_aSinghal A
245 _aHow to become a Human Calculator
260 _aNew Delhi
_bS Chand Publication
_c2012
999 _c2084
_d2084